Đánh giá trong giáo dục đại học

Uloženo v:
Podrobná bibliografie
Hlavní autor: Trần, Thị Tuyết Oanh (chủ biên)
Další autoři: Trần, Khánh Đức, Hà, Thế Truyền
Médium: Kniha
Vydáno: Hà Nội Giáo dục 2010
Témata:
Tagy: Přidat tag
Žádné tagy, Buďte první, kdo otaguje tento záznam!
Thư viện lưu trữ: Trung tâm Học liệu Lê Vũ Hùng, Trường Đại học Đồng Tháp
LEADER 00884pam a22002658a 4500
001 00043555
005 20190117140155.0
008 170515s2005 ||||||Viesd
020 # # |c 0 
041 0 # |a Vie 
082 1 4 |a 378.1  |b Đ107GI 
100 1 # |a Trần, Thị Tuyết Oanh  |e chủ biên 
245 1 0 |c Trần Thị Tuyết Oanh; Trần Khánh Đức; Hà Thế Truyền  |a Đánh giá trong giáo dục đại học 
260 # # |a Hà Nội  |c 2010  |b Giáo dục 
300 # # |a 60tr.  |c 27 cm 
653 # # |a chương trình 
653 # # |a đánh giá 
653 # # |a Đại học 
653 # # |a giáo dục 
653 # # |a chất lượng 
700 1 # |a Trần, Khánh Đức 
700 1 # |a Hà, Thế Truyền 
852 # # |j KD.0025899 
910 0 # |d 17/1/2019 
980 # # |a Trung tâm Học liệu Lê Vũ Hùng, Trường Đại học Đồng Tháp